Statistics for 30 Languages of the World

Click here to take the quiz!

General Stats

  • This quiz has been taken 109 times
    (43 since last reset)
  • The average score is 25 of 30

Answer Stats

Population Country Language % Correct
1051ChinaMandarin
100%
75TurkeyTurkish
100%
510United StatesEnglish
100%
86VietnamVietnamese
100%
61ItalyItalian
100%
46PolandPolish
100%
130FranceFrench
100%
213BrazilPortuguese
100%
229GermanyGerman
100%
255RussiaRussian
100%
255EgyptArabic
100%
420MexicoSpanish
100%
60ThailandThai
97%
127JapanJapanese
97%
71South KoreaKorean
97%
490IndiaHindi
97%
39UkraineUkrainian
97%
54IranPersian
92%
215BangladeshBengali
90%
42MyanmarBurmese
82%
77IndiaTamil
77%
88IndiaPunjabi
72%
104IndiaUrdu
72%
76IndonesiaJavanese
59%
46IndiaGujarati
51%
71IndiaMarathi
44%
75IndiaTelugu
44%
44IndiaKannada
41%
37IndiaMalayalam
28%
32IndiaOriya
23%

Score Distribution

Percentile by Number Answered

Percent of People with Each Score

Your Score History

You have not taken this quiz since the last reset